Oddyssey/ (Record no. 11504)

MARC details
000 -LEADER
fixed length control field 00503nam a22001937a 4500
005 - DATE AND TIME OF LATEST TRANSACTION
control field 20230324123537.0
008 - FIXED-LENGTH DATA ELEMENTS--GENERAL INFORMATION
fixed length control field 230324b ||||| |||| 00| 0 eng d
040 ## - CATALOGING SOURCE
Original cataloging agency IN-DiNC
Transcribing agency IN-DiNC
041 ## - LANGUAGE CODE
Language code of sung or spoken text Assamese
082 ## - DEWEY DECIMAL CLASSIFICATION NUMBER
Classification number 883
Item number HOM
100 ## - MAIN ENTRY--PERSONAL NAME
Personal name Homer
Relator term Author
245 ## - TITLE STATEMENT
Title Oddyssey/
Statement of responsibility, etc. by Homer and translated by Pradip Saikia
250 ## - EDITION STATEMENT
Edition statement 3rd ed.
260 ## - PUBLICATION, DISTRIBUTION, ETC.
Place of publication, distribution, etc. Guwahati:
Name of publisher, distributor, etc. Banalata,
Date of publication, distribution, etc. 2015.
300 ## - PHYSICAL DESCRIPTION
Extent 319p.
650 ## - SUBJECT ADDED ENTRY--TOPICAL TERM
Topical term or geographic name entry element Greek literature
700 ## - ADDED ENTRY--PERSONAL NAME
Personal name Saikia, Pradip
Relator term Translator
942 ## - ADDED ENTRY ELEMENTS (KOHA)
Source of classification or shelving scheme Dewey Decimal Classification
Koha item type Books
Holdings
Withdrawn status Lost status Source of classification or shelving scheme Damaged status Not for loan Collection code Home library Current library Shelving location Date acquired Cost, normal purchase price Total Checkouts Full call number Barcode Date last seen Copy number Price effective from Koha item type
    Dewey Decimal Classification     Assamese Central Library, Naharkatiya College Central Library, Naharkatiya College General Stacks 24/03/2023 180.00   883 HOM 26298 24/03/2023 1 24/03/2023 Books

Naharkatiya College © 2020. All rights reserved.

Powered By